|
|
|
|
| LEADER |
01765nam a22004337a 4500 |
| 001 |
35565 |
| 003 |
BD-DhAAL |
| 005 |
20211130121959.0 |
| 008 |
190926t1975 waua|||| b||| 001 0 eng d |
| 999 |
|
|
|c 41445
|d 41445
|
| 040 |
|
|
|a BD-DhAAL
|
| 082 |
|
|
|a 370.78073
|
| 245 |
|
|
|a Review of research in education /
|n volume 3, 1975
|c edited by Fred N. Kerlinger; contributors, Lee S. Shulman...[et..al]
|
| 246 |
|
|
|a Review of research in education
|
| 260 |
|
|
|a Washington, D.C. :
|b American Educational Research Association,
|c 1975
|
| 300 |
|
|
|a vii, 305 pages :
|b illustrations ;
|c 24 cm.
|
| 362 |
|
|
|a volumes 3, 1975
|
| 504 |
|
|
|a Includes bibliographical references and indexes.
|
| 526 |
|
|
|a BIED
|
| 541 |
|
|
|a Complimentary copy from BIED
|e 35565
|
| 650 |
|
|
|a Education
|x Research
|z United States
|v Periodicals.
|9 35427
|
| 650 |
|
|
|a Education
|x Research.
|9 35428
|
| 650 |
|
|
|a Social science
|9 35555
|
| 700 |
|
|
|a Kerlinger, Fred N.
|9 35429
|
| 700 |
|
|
|a Shulman, Lee S.
|9 35430
|
| 700 |
|
|
|a Elstein, Arhur S.
|9 35431
|
| 700 |
|
|
|a Frase, Lawrence T.
|9 35432
|
| 700 |
|
|
|a Eckstein, Max, A.
|9 35433
|
| 700 |
|
|
|a Harnqvist, kjell
|9 35434
|
| 700 |
|
|
|a Landsheere, Gilbert De
|9 35435
|
| 700 |
|
|
|a Mayer, John W.
|9 35436
|
| 700 |
|
|
|a Rubinson, Richard
|9 35437
|
| 700 |
|
|
|a Keachie, Wilbert J. Mc
|9 35438
|
| 700 |
|
|
|a KAulik, James A.
|9 35438
|
| 700 |
|
|
|a Pedhazur, Elazar J.
|9 35439
|
| 710 |
|
|
|a American Educational Research Association,
|e issuing body.
|9 35441
|
| 852 |
|
|
|a Ayesha Abed Library
|c BIED Collection
|
| 942 |
|
|
|2 ddc
|c BK
|
| 952 |
|
|
|0 0
|1 0
|2 ddc
|4 0
|6 370_780730000000000_REV
|7 0
|9 66548
|a BRACUL
|b BRACUL
|c GEN
|d 2019-09-29
|e Complimentary copy from BIED
|l 0
|o 370.78073 REV
|p 3010035565
|r 2019-09-29
|t 1
|w 2019-09-29
|y BK
|x Transferred from BIED to General Stacks
|